000 01396nam a2200277 i 4500
001 174994
003 ES-MaACL
005 20230906215722.0
008 100923s2007 sp ab |||| |dmul d
080 _a929 Colón, Cristóbal
245 0 3 _aEl origen de Colón
_b: aspectos históricos y genéticos /
_ccoordinación, Alfonso Ballesteros Fernández, Macià Tomàs Salvà.
260 _aPalma de Mallorca :
_bReial Acadèmia de Medicina de les Illes Balears,
_c2007.
300 _a68 p. :
_bil. col., mapas ;
_c30 cm.
490 1 _aMedicina balear ;
_v22, n. 1,
_x1579-5853
505 8 _aContiene: ;
_tLos enigmas de Colón /
_rA. Ballesteros Fernández. --
_tMallorca en la segunda mitad del siglo XV. Panorama socioeconómico /
_rJosep Juan Vidal. --
_tEl príncep de Viana: mite i realitat /
_rMariona Ibars Puga. --
_tIdentificación genética de los restos de la familia Colón /
_rJosé Antonio Lorente Acosta
546 _aTextos en catalán, español, francés e inglés.
600 1 4 _aColón, Cristóbal.
_939869
700 1 _aBallesteros Fernández, Alfonso.
_925055
700 1 _aTomàs i Salvà, Macià.
_9143350
700 1 _aJuan Vidal, José.
_9143351
700 1 _aIbars, Mariona.
_9143352
700 1 _aLorente Acosta, José Antonio.
_9143353
830 0 _aMedicina balear ;
_v22, n. 1,
_x1579-5853
_9223823
852 _aES-MaACL
_j2281-F-16
999 _c174994
_d174994